| Tag |
First Indicator |
Second Indicator |
Subfields |
| LEADER |
00000cam a2200000Ia 4500 |
| 001 |
in00004514521 |
| 005 |
20190418084001.0 |
| 006 |
m d |
| 007 |
cr cn||||||||| |
| 008 |
010518s2002 enkab ob 001 0 eng d |
| 019 |
|
|
|a 58835054
|
| 020 |
|
|
|a 0851998550 (electronic bk.)
|
| 020 |
|
|
|a 9780851998558 (electronic bk.)
|
| 020 |
|
|
|z 0851995705
|
| 020 |
|
|
|z 9780851995700
|
| 029 |
1 |
|
|a NZ1
|b 12061315
|
| 029 |
1 |
|
|a AU@
|b 000045780722
|
| 035 |
|
|
|a (OCoLC)ocn182530569
|
| 035 |
|
|
|a (OCoLC)182530569
|z (OCoLC)58835054
|
| 035 |
|
|
|z (UtOrBLW)52578
|
| 035 |
|
|
|a 73584
|
| 040 |
|
|
|a COCUF
|b eng
|c COCUF
|d OCLCG
|d OCLCQ
|d N$T
|d YDXCP
|d CUV
|d OCLCQ
|d IDEBK
|d UtOrBLW
|
| 043 |
|
|
|a n-us---
|
| 049 |
|
|
|a TMVM
|
| 050 |
|
4 |
|a SD397.O12
|b J64 2002
|
| 060 |
|
4 |
|a SD 397.O12
|b J661e 2002eb
|
| 082 |
0 |
4 |
|a 634.9/721/0973
|2 21
|
| 100 |
1 |
|
|a Johnson, Paul S.
|0 http://id.loc.gov/authorities/names/n81129244
|
| 245 |
1 |
4 |
|a The ecology and silviculture of oaks /
|c Paul S. Johnson and Stephen R. Shifley and Robert Rogers.
|
| 264 |
|
1 |
|a Wallingford, Oxon ;
|a New York :
|b CABI,
|c [2002]
|
| 264 |
|
4 |
|c ©2002
|
| 300 |
|
|
|a 1 online resource (xiii, 503 pages) :
|b illustrations, maps.
|
| 336 |
|
|
|a text
|b txt
|2 rdacontent
|
| 337 |
|
|
|a computer
|b c
|2 rdamedia
|
| 338 |
|
|
|a online resource
|b cr
|2 rdacarrier
|
| 500 |
|
|
|a Description based on opening page (viewed May 29, 2015).
|
| 504 |
|
|
|a Includes bibliographical references and index.
|
| 506 |
|
|
|a This title is restricted to authorized TAMU and TAMHSC users on authorized TAMU computers and via proxy.
|
| 500 |
|
|
|a Electronic resource.
|
| 650 |
|
0 |
|a Oak
|z United States.
|
| 650 |
|
0 |
|a Oak
|x Ecology
|z United States.
|
| 650 |
|
2 |
|a Quercus.
|0 https://id.nlm.nih.gov/mesh/D029963
|
| 651 |
|
2 |
|a United States.
|0 https://id.nlm.nih.gov/mesh/D014481
|
| 655 |
|
7 |
|a Ebooks.
|2 local
|
| 655 |
|
7 |
|a Electronic books.
|2 local
|
| 700 |
1 |
|
|a Shifley, Stephen R.
|0 http://id.loc.gov/authorities/names/n82226548
|
| 700 |
1 |
|
|a Rogers, Robert,
|d 1941-
|0 http://id.loc.gov/authorities/names/n81006156
|
| 856 |
4 |
0 |
|u http://proxy.library.tamu.edu/login?url=http://dx.doi.org/10.1079/9780851995700.0000
|z Connect to the full text of this electronic book
|t 0
|
| 999 |
|
|
|a MARS
|
| 999 |
f |
f |
|s dd471007-ae1c-3e7a-b717-cd67e46485cd
|i 5dab932a-2b1b-3d14-b523-a7dc9b16cac6
|t 0
|
| 952 |
f |
f |
|a Texas A&M University
|b College Station
|c Electronic Resources
|d Available Online
|t 0
|e SD 397.O12 J661e 2002eb
|h National Library of Medicine classification
|
| 998 |
f |
f |
|a SD 397.O12 J661e 2002eb
|t 0
|l Available Online
|